000
00307nam a22001337a 4500
008
170904b xxu||||| |||| 00| 0 eng d
020
_a
9780495566076
041
_a
eng
080
_a
070
100
_a
40
101
_a
MED
245
_a
UNDERSTANDING INTERPERSONAL COMMUNICATION
_c
WEST,R
942
_2
udc
_c
BK
999
_c
25994
_d
25994